[Event "Karpos Open 2013"]
[Site "Skopje MKD"]
[Date "2013.03.13"]
[Round "6.77"]
[White "Krstev, Emil"]
[Black "Batkoski, Nenad"]
[Result "1-0"]
[WhiteElo "2126"]
[BlackElo "1901"]
[WhiteFideId "15000958"]
[BlackFideId "15002780"]
[EventDate "2013.03.09"]

1. d4 c5 2. d5 e5 3. e4 d6 4. Nc3 a6 5. a4 Be7 6. Bd3 Nf6 7. h3 Nbd7 8. Nf3 O-O
9. Nd2 Re8 10. Nc4 Nb6 11. Ne3 Qc7 12. a5 Nbd7 13. b3 Nf8 14. Nc4 Ng6 15. O-O
Bd7 16. Nb6 Rab8 17. Qe2 Rf8 18. Bd2 Be8 19. Kh2 Nd7 20. Nc4 Nf6 21. g3 Bb5 22.
Nxb5 axb5 23. Nb6 b4 24. Bb5 Bd8 25. Bg5 h6 26. Bxf6 Bxf6 27. Nd7 Be7 28. Nxb8
Qxb8 29. Qg4 Qc7 30. Qd7 Qb8 31. a6 bxa6 32. Bxa6 Bg5 1-0

[Event "Karpos Open 2013"]
[Site "Skopje MKD"]
[Date "2013.03.13"]
[Round "6.78"]
[White "Hristovski, Srdzan"]
[Black "Atanasov, Sande"]
[Result "1-0"]
[WhiteElo "2122"]
[BlackElo "1891"]
[WhiteFideId "15001148"]
[BlackFideId "15001539"]
[EventDate "2013.03.09"]

1. d4 Nf6 2. c4 d5 3. Nc3 c5 4. e3 cxd4 5. exd4 Nc6 6. Nf3 Bg4 7. cxd5 Nxd5 8.
Bb5 Rc8 9. h3 Bh5 10. g4 Bg6 11. Ne5 Nxc3 12. bxc3 Qd5 13. Bxc6+ Rxc6 14. O-O
Ra6 15. c4 Qa5 16. Qf3 Qc7 17. Bf4 Qc8 18. Rfe1 h5 19. Bg3 hxg4 20. hxg4 Rf6 21.
Qd5 a6 22. Qa5 Bc2 23. Re2 b6 24. Qd2 Rfh6 25. Qxc2 f6 1-0

[Event "Karpos Open 2013"]
[Site "Skopje MKD"]
[Date "2013.03.13"]
[Round "6.79"]
[White "Ilic, Slobodan S"]
[Black "Cvetkovski, Slobodan"]
[Result "1-0"]
[WhiteElo "2109"]
[BlackElo "1890"]
[WhiteFideId "912883"]
[BlackFideId "15001202"]
[EventDate "2013.03.09"]

1. c4 Nf6 2. Nc3 e6 3. e4 d5 4. cxd5 exd5 5. e5 d4 6. exf6 dxc3 7. bxc3 Qxf6 8.
d4 Bd6 9. Nf3 h6 10. Be2 O-O 11. O-O b6 12. a4 a5 13. Ba3 Bxa3 14. Rxa3 Qd6 15.
Ra2 Nd7 16. Bd3 Nf6 17. Ne5 Bb7 18. f3 Rad8 19. Bb1 c5 20. Rd2 Ba6 21. Re1 cxd4
22. cxd4 Rc8 23. f4 Nd5 24. Qg4 Nf6 25. Qf5 Qe6 26. Qxe6 fxe6 27. f5 exf5 28.
Bxf5 Rce8 29. Bc2 Bb7 30. Rb1 Re6 31. Ng6 Rd8 32. Nf4 Red6 33. Rf2 Be4 34. Bb3+
Kh7 35. Re1 Rc8 36. Ne2 Rc7 37. Ng3 Bg6 38. Rd2 Rc3 39. Be6 Be8 40. Bf5+ g6 41.
Bc2 Bf7 42. Re7 Rd7 43. Rxd7 Nxd7 44. Ne4 Ra3 45. d5 Kg7 46. Nd6 Re3 47. Bd1 h5
48. Kf2 Re5 49. Bf3 Kf8 50. Rd4 Ke7 51. Nc4 Rf5 52. h3 Kd8 53. Ke2 Be8 54. g4
Rf6 55. g5 Rf5 56. h4 Nc5 57. Nxb6 Kc7 58. Nc4 Nxa4 59. Nxa5 Kb6 60. Nb3 Re5+
61. Kf2 Nc3 62. Nd2 Rf5 63. d6 Bd7 64. Rb4+ Ka5 65. Rb7 Bc6 66. Rc7 Bxf3 67.
Rxc3 Bg4+ 68. Ke3 Rd5 69. Ne4 Kb6 70. Rc4 Bf5 71. Ng3 Bd7 72. Rd4 Kc5 73. Ne4+
Kc6 74. Rc4+ Kb6 75. Rc7 Bf5 76. Re7 Bxe4 77. Kxe4 Rxd6 78. Ke5 Rd1 79. Kf6 Rd6+
80. Re6 1-0

[Event "Karpos Open 2013"]
[Site "Skopje MKD"]
[Date "2013.03.13"]
[Round "6.80"]
[White "Nisic, Miroslav"]
[Black "Menzi, Nezihe Ezgi"]
[Result "0-1"]
[WhiteElo "2079"]
[BlackElo "1889"]
[WhiteFideId "948578"]
[BlackFideId "6310060"]
[EventDate "2013.03.09"]

1. d4 Nf6 2. c4 g6 3. g3 Bg7 4. Bg2 O-O 5. Nc3 d6 6. Nf3 Nbd7 7. O-O e5 8. dxe5
dxe5 9. e4 c6 10. Qc2 Qc7 11. b3 Rd8 12. Rd1 Nc5 13. Bg5 Bg4 14. h3 Bxf3 15.
Bxf3 Ne6 16. Bxf6 Bxf6 17. Ne2 Rxd1+ 18. Rxd1 Rd8 19. b4 Nd4 20. Nxd4 Rxd4 21.
Rxd4 exd4 22. c5 Qd7 23. Bg4 d3 24. Qa4 Qd4 25. Bf3 d2 26. Kg2 Kg7 27. Qb3 Qc3
28. Bd1 Qxb3 29. Bxb3 Bc3 30. a3 Bb2 31. a4 Ba3 32. b5 Bxc5 33. f4 f6 34. Kf3
cxb5 35. axb5 Kf8 36. Ke2 Bb4 37. Bd5 b6 38. g4 g5 39. fxg5 fxg5 40. Bb3 Ke7 41.
Kd3 Kd6 42. Bd1 Ke5 43. Bc2 h6 44. Kc4 Bd6 45. Bd1 Kf4 0-1

[Event "Karpos Open 2013"]
[Site "Skopje MKD"]
[Date "2013.03.13"]
[Round "6.82"]
[White "Ozturk, Hilal"]
[Black "Hadzi - Manev, Ljubomir"]
[Result "0-1"]
[BlackTitle "FM"]
[WhiteElo "1848"]
[BlackElo "2071"]
[WhiteFideId "6315330"]
[BlackFideId "15000443"]
[EventDate "2013.03.09"]

1. e4 c5 2. c3 d5 3. exd5 Qxd5 4. d4 Nc6 5. Nf3 Bg4 6. Be2 e6 7. h3 Bh5 8. c4
Qd6 9. d5 Bxf3 10. Bxf3 Qe5+ 11. Be3 O-O-O 12. Nc3 Nd4 13. O-O Nxf3+ 14. Qxf3
Bd6 15. g3 Nh6 16. Nb5 Bb8 17. Bxc5 a6 18. Nc3 Nf5 19. Na4 Bc7 20. Rfe1 Qf6 21.
dxe6 fxe6 22. Ba7 Nd4 23. Qxf6 gxf6 24. Red1 e5 25. Bc5 Rd7 26. Nc3 f5 27. Nd5
Nf3+ 28. Kg2 e4 29. Ne7+ Kd8 30. Nxf5 Be5 31. Rxd7+ Kxd7 32. Ba3 Ke6 33. Ne3 h5
34. Rc1 Rc8 35. Bb4 Bxb2 36. Rb1 Bd4 37. c5 Rc6 38. Ba3 Bxc5 39. Bxc5 Rxc5 40.
Rxb7 Ra5 41. Rb6+ Kf7 42. Rb2 Rc5 43. Rb7+ Ke6 44. Rb4 Ke5 45. Nc4+ 0-1

[Event "Karpos Open 2013"]
[Site "Skopje MKD"]
[Date "2013.03.13"]
[Round "6.83"]
[White "Anastasovski, Nikola"]
[Black "Golubovic, Tomislav"]
[Result "1-0"]
[WhiteElo "2065"]
[BlackElo "1876"]
[WhiteFideId "2605503"]
[BlackFideId "15003043"]
[EventDate "2013.03.09"]

1. c4 Nf6 2. Nc3 e6 3. e4 d6 4. g3 g6 5. Bg2 Bg7 6. d3 O-O 7. Nge2 Nbd7 8. h3 c6
9. Be3 Re8 10. f4 Qc7 11. Qd2 b6 12. O-O Rb8 13. Rf2 Nf8 14. Raf1 Re7 15. g4 Bd7
16. f5 exf5 17. gxf5 gxf5 18. Bh6 Ng6 19. exf5 Bxh6 20. Qxh6 Bxf5 21. Rxf5 Re6
22. Rxf6 1-0

[Event "Karpos Open 2013"]
[Site "Skopje MKD"]
[Date "2013.03.13"]
[Round "6.85"]
[White "Manelidou, Maria"]
[Black "Tairi, Krenar"]
[Result "1/2-1/2"]
[WhiteElo "2029"]
[BlackElo "1835"]
[WhiteFideId "4212240"]
[BlackFideId "15001679"]
[EventDate "2013.03.09"]

1. e4 c5 2. Nf3 e6 3. c4 Nc6 4. Nc3 Nf6 5. Be2 Be7 6. O-O O-O 7. d4 cxd4 8. Nxd4
Bb4 9. Ndb5 d6 10. a3 Bxc3 11. Nxc3 h6 12. Be3 Qe7 13. Qd2 Rd8 14. Rfd1 b6 15.
f3 Ba6 16. b3 Rac8 17. Rac1 Na5 18. Qb2 Qb7 19. Bd4 Qe7 20. Rd2 Nc6 21. Bf2 Rd7
22. Nb5 Rcd8 23. Nd4 Nxd4 24. Bxd4 e5 25. Bc3 Ne8 26. Rcd1 Nc7 27. Bf1 f6 28. g3
Ne6 29. Bh3 Rc7 30. Bxe6+ Qxe6 31. Bb4 Rcd7 32. a4 Kf7 33. Qc3 Bb7 34. a5 g6 35.
axb6 axb6 36. Qe3 b5 37. cxb5 d5 38. exd5 Rxd5 39. Rxd5 Rxd5 40. Rc1 g5 41. Rc7+
Rd7 42. Rxd7+ Qxd7 43. b6 Qd1+ 44. Be1 Qxf3 45. Qxf3 Bxf3 46. Kf2 Bb7 47. Ke3
Ke6 48. g4 f5 49. gxf5+ Kxf5 50. h3 h5 51. Bg3 Ke6 52. b4 Kd5 53. Be1 Kc4 54.
Bg3 Kxb4 55. Bxe5 1/2-1/2

[Event "Karpos Open 2013"]
[Site "Skopje MKD"]
[Date "2013.03.13"]
[Round "6.86"]
[White "Silivri, Volkan Resat"]
[Black "Mihajlovski, Petre"]
[Result "0-1"]
[WhiteElo "1674"]
[BlackElo "2012"]
[WhiteFideId "6331521"]
[BlackFideId "15003051"]
[EventDate "2013.03.09"]

1. e4 c6 2. d4 d5 3. e5 Bf5 4. g4 Bd7 5. c3 e6 6. Ne2 c5 7. Bg2 Nc6 8. O-O h5 9.
gxh5 Nh6 10. Ng3 Qh4 11. Bxh6 Rxh6 12. Na3 a6 13. Nc2 Be7 14. f4 O-O-O 15. Ne3
f5 16. Rf2 g5 17. Qf1 Be8 18. Nexf5 exf5 19. Nxf5 Qxh5 20. Nxh6 Qxh6 21. f5 cxd4
22. cxd4 Nxd4 23. Rc1+ Kb8 24. f6 Bf8 25. Qd3 Qh4 26. f7 Bb5 27. Qc3 Ne6 28. Rf6
Bc5+ 29. Kh1 Rh8 0-1

[Event "Karpos Open 2013"]
[Site "Skopje MKD"]
[Date "2013.03.13"]
[Round "6.88"]
[White "Velikic, Adela"]
[Black "Aksoy, Ayca"]
[Result "1-0"]
[WhiteElo "1990"]
[BlackElo "1707"]
[WhiteFideId "913553"]
[BlackFideId "6355978"]
[EventDate "2013.03.09"]

1. d4 Nf6 2. Nf3 e6 3. c4 c5 4. d5 exd5 5. cxd5 d6 6. Nc3 g6 7. g3 Bg7 8. Bg2
O-O 9. O-O Re8 10. Nd2 a6 11. a4 Nbd7 12. e4 Rb8 13. a5 b5 14. axb6 Nxb6 15. Qc2
Nfd7 16. f4 Bb7 17. Nb3 Nc4 18. Na4 Na5 19. Nxa5 Qxa5 20. Bd2 Qd8 21. Bc3 Rc8
22. Rfe1 Bf6 23. Bh3 Bxc3 24. bxc3 Rb8 25. c4 f6 26. Qc3 Nf8 27. Rab1 Kg7 28. e5
fxe5 29. fxe5 dxe5 30. Rxe5 Kg8 1-0

[Event "Karpos Open 2013"]
[Site "Skopje MKD"]
[Date "2013.03.13"]
[Round "6.89"]
[White "Dizdarevic, Barbara"]
[Black "Lakinska, Simona"]
[Result "1-0"]
[WhiteElo "1981"]
[BlackElo "1673"]
[WhiteFideId "938572"]
[BlackFideId "15001695"]
[EventDate "2013.03.09"]

1. e4 e5 2. Bc4 Nf6 3. d3 Nc6 4. Nf3 Bc5 5. O-O h6 6. c3 d6 7. h3 O-O 8. Nbd2
Re8 9. Re1 Be6 10. Bb5 Bd7 11. Nf1 a6 12. Ba4 b5 13. Bc2 d5 14. b4 Bb6 15. exd5
Nxd5 16. Bb2 Qf6 17. Ng3 Nf4 18. Ne4 Qg6 19. Nh4 Qe6 20. Bb3 Qe7 21. Nf3 Be6 22.
Bc2 Qd7 23. Bc1 Ng6 24. Be3 Bxe3 25. Rxe3 Bf5 26. Nc5 Qd6 27. Qe1 Nf4 28. Kh1
Nd5 29. Re2 Nf4 30. Rd2 Qg6 31. Nh4 Qg5 32. f3 Bh7 33. Kh2 Ng6 34. Nxg6 Bxg6 35.
Re2 Qf4+ 36. Kh1 Qf6 37. a4 Qd6 38. Bb3 Kh8 39. Rd1 Rf8 40. Qg3 bxa4 41. Bxa4
Rfe8 42. Nb7 Qd5 43. c4 Qe6 44. Na5 Nd4 45. Ree1 Re7 46. c5 Rb8 47. f4 Rxb4 48.
Rxe5 Qf6 49. Qe1 Rxe5 50. fxe5 Qf4 51. Qxb4 Bh5 52. Rb1 Bf3 53. Rf1 Bxg2+ 54.
Kxg2 Qg5+ 55. Kh1 Qg3 56. Bd7 Nf3 57. Qb8+ Kh7 58. Qb2 1-0

[Event "Karpos Open 2013"]
[Site "Skopje MKD"]
[Date "2013.03.13"]
[Round "6.92"]
[White "Vukelic, Zvonimir"]
[Black "Peev, Kosta"]
[Result "0-1"]
[WhiteElo "1920"]
[BlackElo "1648"]
[WhiteFideId "15001512"]
[BlackFideId "15001660"]
[EventDate "2013.03.09"]

1. e4 c5 2. Nc3 Nc6 3. g3 g6 4. d3 Bg7 5. Be3 d6 6. Bg2 e6 7. Nge2 Nge7 8. Qd2
O-O 9. Bh6 Rb8 10. Bxg7 Kxg7 11. O-O b5 12. a3 a5 13. d4 b4 14. axb4 Rxb4 15. d5
exd5 16. exd5 Nd4 17. Ra2 Bf5 18. Nxd4 Rxd4 19. Qc1 Qb6 20. Re1 Ng8 21. h3 Rb8
22. g4 Bd7 23. b3 c4 24. Ne2 cxb3 25. cxb3 Rb4 26. Qa1+ Kf8 27. Nc1 Rc8 28. Rxa5
Rc2 29. Ra8+ Bc8 30. Re2 Rc7 31. Kh2 f6 32. Na2 Rxb3 33. Qe1 Qb7 34. Qa5 Kf7 35.
Qa4 Bd7 36. Qa6 Qxa6 37. Rxa6 Bb5 38. Rc6 Bxc6 39. dxc6 Ne7 40. Rd2 Rb6 41. Rxd6
Rb2 42. Nc3 Rxf2 43. Kg3 Rb2 44. Na4 Rc2 45. Nb6 Nxc6 46. Nd5 Ra7 47. Rxf6+ Kg7
48. g5 Ra3+ 49. Kh2 Raa2 50. Nf4 Nd4 51. Rd6 Nf3+ 52. Kg3 Nxg5 53. Rd7+ Kh6 54.
h4 Ra3+ 55. Kg4 Ne6 56. Nxe6 Rxg2+ 57. Kf4 Ra4+ 58. Kf3 Rb2 59. Nf4 Rb3+ 60. Kg4
Raa3 61. Ne6 Re3 62. Nd4 Re4# 0-1

[Event "Karpos Open 2013"]
[Site "Skopje MKD"]
[Date "2013.03.13"]
[Round "6.93"]
[White "Alishani, Ibrahim"]
[Black "Antoniadou, Paraskevi"]
[Result "1-0"]
[WhiteElo "2167"]
[BlackElo "1732"]
[WhiteFideId "939609"]
[BlackFideId "4220676"]
[EventDate "2013.03.09"]

1. d4 d6 2. Nf3 g6 3. c4 Bg7 4. Nc3 Nf6 5. Bg5 O-O 6. e3 c5 7. Be2 Na6 8. O-O
Bd7 9. a3 Nc7 10. h3 Rb8 11. Rc1 Ne6 12. Bh4 cxd4 13. exd4 Nf4 14. Re1 Bh6 15.
Bf1 Re8 16. b4 Ne6 17. Rc2 g5 18. d5 gxh4 19. dxe6 fxe6 20. Qd4 e5 21. Qxh4 Bf5
22. Ra2 Bg7 23. Rd2 Qc8 24. Ng5 h6 25. Nge4 Kh7 26. g4 Bxe4 27. Nxe4 Nxe4 28.
Rxe4 Bf6 29. Qh5 Rg8 30. Bd3 Kg7 31. Re3 Bg5 32. Qg6+ Kf8 33. Rf3+ Bf4 34. Qxh6+
Ke8 35. Qh5+ Kd8 36. Bf5 Qxc4 37. Rc2 Qd4 38. Rfc3 Qd1+ 39. Kg2 Qd5+ 40. f3 e6
41. Qf7 1-0

[Event "Karpos Open 2013"]
[Site "Skopje MKD"]
[Date "2013.03.14"]
[Round "7.2"]
[White "Safarli, Eltaj"]
[Black "Georgiev, Kiril"]
[Result "1/2-1/2"]
[WhiteTitle "GM"]
[BlackTitle "GM"]
[WhiteElo "2638"]
[BlackElo "2657"]
[WhiteFideId "13402129"]
[BlackFideId "2900017"]
[EventDate "2013.03.09"]

1. e4 e5 2. Nf3 Nc6 3. Bb5 Nf6 4. O-O Nxe4 5. d4 Nd6 6. Bxc6 dxc6 7. dxe5 Nf5 8.
Qxd8+ Kxd8 9. h3 Ke8 10. Nc3 h5 11. Ne2 Be7 12. Re1 Be6 13. Nf4 Bd5 14. Nxd5
cxd5 15. g3 c6 16. Rd1 Rd8 17. Bf4 g6 18. a4 Ng7 19. Be3 a6 20. b4 Ne6 21. b5
Kd7 22. Bb6 Ra8 23. bxc6+ Kxc6 24. a5 Rhc8 25. Rab1 Kd7 26. Rxd5+ Ke8 27. Nd4
Nc7 28. Bxc7 Rxc7 29. Kf1 1/2-1/2

[Event "Karpos Open 2013"]
[Site "Skopje MKD"]
[Date "2013.03.14"]
[Round "7.8"]
[White "Kovacevic, Aleksandar"]
[Black "Salgado Lopez, Ivan"]
[Result "1-0"]
[WhiteTitle "GM"]
[BlackTitle "GM"]
[WhiteElo "2563"]
[BlackElo "2619"]
[WhiteFideId "903124"]
[BlackFideId "2257327"]
[EventDate "2013.03.09"]

1. e4 e6 2. d4 d5 3. Nd2 c5 4. exd5 Qxd5 5. dxc5 Bxc5 6. Ngf3 Nf6 7. Bc4 Qc6 8.
Qe2 O-O 9. O-O a6 10. a4 Bd6 11. Bd3 Nbd7 12. Nc4 Bc7 13. b4 b6 14. Ba3 Qd5 15.
b5 Rd8 16. Rfd1 Qh5 17. Be7 Re8 18. Bd6 axb5 19. axb5 Rxa1 20. Rxa1 Bxd6 21.
Nxd6 Rf8 22. Qe3 Nc5 23. Be2 Qg6 24. c4 Nfd7 25. Ra7 e5 26. Qd2 Qb1+ 27. Bf1 Nf6
28. Ra8 Be6 29. Rxf8+ Kxf8 30. Nxe5 h6 31. Nc8 Bxc8 32. Qd8+ Ne8 33. Qxc8 Qd1
34. Qg4 Qxg4 35. Nxg4 Nc7 36. f3 Ke7 37. Kf2 Kd6 38. f4 N7e6 39. Ke3 Nd7 40. g3
Kc5 41. Nf2 Nf6 42. Be2 Kb4 43. h4 Ne8 44. Ke4 Nf6+ 45. Ke3 Ne8 46. f5 Nc5 47.
Kd4 Nb3+ 48. Kd5 Nf6+ 49. Kd6 Kc3 50. Ke7 Nd4 51. Bd3 Ng4 52. Nxg4 Kxd3 53. Ne5+
Ke4 54. f6 gxf6 55. Kxf6 Nf5 56. g4 Ne3 57. h5 1-0

[Event "Karpos Open 2013"]
[Site "Skopje MKD"]
[Date "2013.03.14"]
[Round "7.9"]
[White "Perunovic, Milos"]
[Black "Jankovic, Alojzije"]
[Result "1-0"]
[WhiteTitle "GM"]
[BlackTitle "GM"]
[WhiteElo "2618"]
[BlackElo "2538"]
[WhiteFideId "921629"]
[BlackFideId "14505959"]
[EventDate "2013.03.09"]

1. e4 c5 2. Nc3 d6 3. f4 g6 4. Nf3 Bg7 5. Bb5+ Bd7 6. Bc4 Nc6 7. O-O Na5 8. Be2
Nc6 9. d3 Nd4 10. Nxd4 cxd4 11. Nb1 Rc8 12. c4 dxc3 13. Nxc3 Qb6+ 14. Kh1 Bc6
15. Bg4 Rd8 16. Bf3 Nf6 17. Qe1 O-O 18. Rb1 d5 19. e5 Nd7 20. b4 d4 21. Ne4 Bb5
22. Rb3 Nb8 23. Bb2 Bc6 24. b5 Bd5 25. Rb4 Bxe4 26. Bxe4 f6 27. exf6 Rxf6 28.
Rc4 e5 29. fxe5 Rxf1+ 30. Qxf1 Bxe5 31. Ba3 Qxb5 32. Rb4 Qe8 33. Rxb7 Rd7 34.
Bc6 Rf7 35. Bd5 1-0

[Event "Karpos Open 2013"]
[Site "Skopje MKD"]
[Date "2013.03.14"]
[Round "7.10"]
[White "Mastrovasilis, Dimitrios"]
[Black "Nevednichy, Vladislav"]
[Result "1/2-1/2"]
[WhiteTitle "GM"]
[BlackTitle "GM"]
[WhiteElo "2614"]
[BlackElo "2548"]
[WhiteFideId "4202694"]
[BlackFideId "1205730"]
[EventDate "2013.03.09"]

1. e4 g6 2. d4 d6 3. Bc4 Nf6 4. Qe2 Nc6 5. Nf3 Bg4 6. c3 e5 7. Bb5 Nd7 8. Nbd2
exd4 9. Bxc6 bxc6 10. cxd4 Bg7 11. h3 Bxf3 12. Nxf3 O-O 13. O-O Re8 14. Qc2 c5
15. Be3 Qe7 16. dxc5 Qxe4 17. Qxe4 Rxe4 18. cxd6 cxd6 19. Rad1 Ra4 20. Rxd6 Nf8
21. Nd4 Rxa2 22. b4 Rb2 23. Nc6 a6 24. Rc1 Re8 25. Rd5 Ne6 26. Ra5 Bf8 27. Rc4
Bd6 28. g4 Nc7 29. Rd4 Bh2+ 30. Kf1 Nb5 31. Rd2 Rxd2 32. Bxd2 Nc7 33. Be3 Re6
34. Nd4 Re8 35. Rc5 Bd6 36. Rc6 Rd8 37. Nc2 Rd7 38. Bb6 Nd5 39. Bd4 f5 40. gxf5
gxf5 41. Rxa6 Nxb4 42. Nxb4 Bxb4 43. Be5 Be7 44. Kg2 Rd5 45. Bf6 1/2-1/2

[Event "Karpos Open 2013"]
[Site "Skopje MKD"]
[Date "2013.03.14"]
[Round "7.12"]
[White "Kozul, Zdenko"]
[Black "Golod, Vitali"]
[Result "1/2-1/2"]
[WhiteTitle "GM"]
[BlackTitle "GM"]
[WhiteElo "2608"]
[BlackElo "2564"]
[WhiteFideId "14502879"]
[BlackFideId "2804140"]
[EventDate "2013.03.09"]

1. d4 d5 2. c4 c5 3. cxd5 Qxd5 4. Nf3 cxd4 5. Nc3 Qa5 6. Nxd4 Nf6 7. a3 Bd7 8.
Nb3 Qh5 9. Bf4 Nc6 10. e3 e5 11. Bg3 Be7 12. Nd2 Qxd1+ 13. Rxd1 Nh5 14. Bb5 Nxg3
15. hxg3 Be6 16. Nc4 O-O 17. Bxc6 bxc6 18. Nxe5 Rfc8 19. Rd2 Rab8 20. O-O Bf6
21. Nd7 Bxc3 22. bxc3 Rb5 23. c4 Ra5 24. Rb1 h6 25. Rb3 f6 26. Rd6 Bxc4 27. Rb8
Rxb8 28. Nxb8 c5 29. Rc6 Bd5 30. Rc7 Rxa3 31. Rxc5 Be6 32. Nc6 Bd7 33. Nd4 Kf7
34. g4 Bxg4 35. Rc7+ Kg8 36. e4 Ra4 37. Nc6 Be6 38. f3 Rc4 39. Ne7+ Kh7 40. Rxa7
Rc5 41. Ra6 Bd7 42. Rd6 Rc7 43. Nd5 Ra7 44. g4 Be8 45. Nf4 Bf7 46. Kf2 Ra5 47.
Rd7 Kg8 48. Rd8+ Kh7 49. Rf8 Ra7 50. Kg3 g6 51. Rb8 Kg7 52. Rb6 Rd7 53. Kf2 Ra7
54. Ne2 Ra5 55. Nd4 h5 56. gxh5 Rxh5 57. Rb7 Kf8 58. Ke3 Rc5 59. Nb5 Rc6 60. f4
Rc1 61. Nd6 Be6 62. f5 gxf5 63. exf5 Rc6 64. fxe6 1/2-1/2

[Event "Karpos Open 2013"]
[Site "Skopje MKD"]
[Date "2013.03.14"]
[Round "7.14"]
[White "Popilski, Gil"]
[Black "Brkic, Ante"]
[Result "1-0"]
[WhiteTitle "GM"]
[BlackTitle "GM"]
[WhiteElo "2520"]
[BlackElo "2584"]
[WhiteFideId "2809060"]
[BlackFideId "14506688"]
[EventDate "2013.03.09"]

1. d4 Nf6 2. c4 e6 3. Nf3 d5 4. Nc3 Be7 5. Bg5 h6 6. Bh4 O-O 7. Qc2 b6 8. Bxf6
Bxf6 9. e4 c5 10. e5 cxd4 11. exf6 dxc3 12. fxg7 Kxg7 13. Qxc3+ Qf6 14. Qxf6+
Kxf6 15. cxd5 exd5 16. Nd4 Bd7 17. Kd2 Ke5 18. Ke3 Re8 19. Bd3 a6 20. Rhd1 Nc6
21. Nxc6+ Bxc6 22. Re1 d4+ 23. Kd2+ Kd6 24. g3 a5 25. f4 Bd5 26. a3 f6 27. Bg6
Rg8 28. Bf5 b5 29. Rac1 Bc4 30. Re4 Rge8 31. Rce1 Rxe4 32. Rxe4 Kc5 33. Re7 h5
34. Be4 Rh8 35. Rc7+ Kd6 36. Rc6+ Ke7 37. Rc7+ Kd6 38. Rc6+ Ke7 39. Bd3 Bd5 40.
Rc5 Kd6 41. Rxb5 h4 42. g4 Re8 43. Rxa5 Re3 44. Ra6+ Ke7 45. Ra4 Rh3 46. Rxd4
Rxh2+ 47. Kc3 Bf3 48. g5 h3 49. Bf5 Bc6 50. Rd3 fxg5 51. fxg5 Rg2 52. Rxh3 Rxg5
53. Be4 Bd7 54. Rd3 Kd8 55. a4 Kc7 56. b3 Rh5 57. Bd5 Kb6 58. Kb4 Rh4+ 59. Bc4
Kc7 60. Kc5 Bc6 61. a5 Rh5+ 62. Bd5 Bb7 63. b4 Kb8 64. b5 Rg5 65. Kc4 Bc8 66.
Rd4 Rg1 67. Kc5 Rc1+ 68. Kb6 Rc7 69. a6 Ra7 70. Be6 1-0

[Event "Karpos Open 2013"]
[Site "Skopje MKD"]
[Date "2013.03.14"]
[Round "7.15"]
[White "Petrov, Georgi"]
[Black "Palac, Mladen"]
[Result "0-1"]
[BlackTitle "GM"]
[WhiteElo "2200"]
[BlackElo "2572"]
[WhiteFideId "15001440"]
[BlackFideId "14500116"]
[EventDate "2013.03.09"]

1. Nf3 d5 2. d4 Nf6 3. c4 e6 4. cxd5 exd5 5. Nc3 Bb4 6. Bg5 h6 7. Bxf6 Qxf6 8.
Qa4+ Nc6 9. e3 O-O 10. Bb5 Bg4 11. Nd2 Nxd4 12. exd4 Qxd4 13. Qc2 c6 14. Bd3
Rfe8+ 15. Kf1 Qf6 16. h3 Be6 17. a3 Bf8 18. Re1 c5 19. Qd1 c4 20. Bb1 g6 21. Qf3
Qd8 22. Qg3 Bg7 23. h4 Qb6 24. Nd1 d4 25. Be4 Rac8 26. Nb1 c3 27. bxc3 Bc4+ 28.
Kg1 f5 29. Nd2 Bf7 30. cxd4 fxe4 31. Nxe4 Qxd4 32. Qe3 Bd5 33. f3 Bxe4 34. fxe4
Rxe4 0-1

[Event "Karpos Open 2013"]
[Site "Skopje MKD"]
[Date "2013.03.14"]
[Round "7.17"]
[White "Mikhalevski, Victor"]
[Black "Hamitevici, Vladimir"]
[Result "1/2-1/2"]
[WhiteTitle "GM"]
[BlackTitle "IM"]
[WhiteElo "2548"]
[BlackElo "2444"]
[WhiteFideId "2801914"]
[BlackFideId "13902393"]
[EventDate "2013.03.09"]

1. c4 c5 2. g3 g6 3. Bg2 Bg7 4. Nc3 Nc6 5. Nf3 Nh6 6. h4 d6 7. h5 Bd7 8. d3 Ng4
9. h6 Bxc3+ 10. bxc3 O-O 11. Ng5 Rb8 12. f3 Nf6 13. f4 e5 14. O-O Qe7 15. Bd5
exf4 16. gxf4 Bg4 17. Rf2 Rbe8 18. Kf1 Bh5 19. Rg2 Ng4 20. Qe1 Nxh6 21. e4 Kh8
22. Qh4 f5 23. Bd2 Nd8 24. Kg1 Qg7 25. Re1 Re7 26. e5 Rfe8 27. d4 Nhf7 28. Nh3
Ne6 29. Bxe6 Rxe6 30. d5 R6e7 31. e6 Nh6 32. Ng5 Ng8 33. Rg3 Nf6 34. Rge3 Rf8
35. Nf7+ Rexf7 36. exf7 Ne4 37. Rxe4 fxe4 38. Rxe4 Qxf7 39. Qe7 Qf5 40. Kf2 Kg8
41. Qe6+ Qxe6 42. Rxe6 Bg4 43. Re7 Rf7 44. Rxf7 Kxf7 45. Be1 b6 46. Ke3 Bh3 47.
Ke2 Kf6 48. Bh4+ Kf5 49. Be7 Kxf4 50. Bxd6+ Ke4 51. Bb8 a6 52. Ba7 Bg4+ 53. Kd2
b5 54. cxb5 axb5 55. Bxc5 Kxd5 56. Be3 h5 57. Bg5 Ke4 58. Be7 Be6 59. a3 Bc4 60.
Bd8 Kf3 61. Ke1 Kg3 62. Bc7+ Kh3 63. Bd8 h4 64. Kf2 Kg4 65. Be7 Bd5 66. Bd8 g5
67. Ke3 Bc6 68. Be7 Kh5 69. Bd8 g4 70. Kf4 g3 71. Be7 g2 72. Bc5 Bd5 1/2-1/2

[Event "Karpos Open 2013"]
[Site "Skopje MKD"]
[Date "2013.03.14"]
[Round "7.18"]
[White "Dastan, Muhammed Batuhan"]
[Black "Parligras, Mircea-Emilian"]
[Result "1-0"]
[WhiteTitle "FM"]
[BlackTitle "GM"]
[WhiteElo "2371"]
[BlackElo "2616"]
[WhiteFideId "6300014"]
[BlackFideId "1204297"]
[EventDate "2013.03.09"]

1. e4 c6 2. d4 d5 3. e5 Bf5 4. Nf3 e6 5. Be2 Nd7 6. O-O h6 7. Nbd2 Ne7 8. Nb3
Bg6 9. Bd2 Nf5 10. Rc1 Be7 11. Ba5 Qb8 12. g4 Nh4 13. Nxh4 Bxh4 14. f4 f5 15.
Bb4 Qd8 16. gxf5 Bxf5 17. Bd3 g6 18. Bxf5 exf5 19. c4 Nb6 20. Na5 Qd7 21. c5 Nc8
22. Bd2 Kf7 23. Kh1 Bd8 24. b4 Bxa5 25. bxa5 b6 26. cxb6 axb6 27. Qc2 Ne7 28.
axb6 Rhb8 29. Bb4 Nc8 30. Qxc6 Qxc6 31. Rxc6 Rxb6 32. Rc7+ Ke8 33. a3 Re6 34.
Rh7 Nb6 35. Rc1 Rc8 36. Rh8+ Kd7 37. Rh7+ Ke8 38. Rxc8+ Nxc8 39. Rxh6 Nb6 40.
Kg2 Nc4 41. Kg3 Ne3 42. Rh8+ Kd7 43. Rh7+ Ke8 44. Kh4 Nc2 45. Bc5 Ne1 46. a4 Ra6
47. Ra7 Rc6 48. a5 Nd3 49. Bd6 Nxf4 50. Re7+ Kd8 51. Ra7 Ne6 52. a6 Nxd4 53.
Ra8+ Rc8 54. Rxc8+ Kxc8 55. Kg5 Nb5 56. Bb4 Nc7 57. a7 f4 58. Bc5 Kb7 59. Kf6 g5
60. h3 f3 61. e6 d4 62. Bxd4 Nd5+ 63. Kxg5 1-0

[Event "Karpos Open 2013"]
[Site "Skopje MKD"]
[Date "2013.03.14"]
[Round "7.20"]
[White "Romanov, Evgeny"]
[Black "Tosic, Miroslav"]
[Result "1-0"]
[WhiteTitle "GM"]
[BlackTitle "GM"]
[WhiteElo "2603"]
[BlackElo "2408"]
[WhiteFideId "4148843"]
[BlackFideId "900460"]
[EventDate "2013.03.09"]

1. d4 d5 2. Nf3 c6 3. Bf4 Qb6 4. Qc1 Bf5 5. e3 Nd7 6. Be2 Ngf6 7. O-O Nh5 8. Be5
Nxe5 9. dxe5 g6 10. Nbd2 Bd7 11. c4 Bh6 12. Qc3 O-O 13. Rfd1 Rac8 14. a4 a5 15.
Nb3 Ng7 16. c5 Qc7 17. Qxa5 Qb8 18. Qb4 f6 19. exf6 Rxf6 20. Na5 Rc7 21. Ne5 Re6
22. Nxd7 Rxd7 23. Nb3 Qe5 24. Nd4 Rf6 25. Nf3 Qe6 26. a5 Nf5 27. a6 bxa6 28.
Rxa6 Bxe3 29. fxe3 Qxe3+ 30. Kf1 Rd8 31. Ra3 Qe6 32. Qd2 d4 33. Kg1 Qd5 34. Qc2
Kg7 35. b4 Qe6 36. Qa2 Rd5 37. Bc4 Ne3 38. Bxd5 cxd5 39. Rxd4 Nc4 40. Rxc4 1-0